Wrexham A.F.C Team 2023-24 - Statistics

General Stats
  • This quiz has been taken 66 times
  • The average score is 10 of 34
Answer Stats
N Player Nationality % Correct
10 Paul Mullin Welsh
90%
9 Ollie Palmer English
77%
21 Mark Howard English
58%
4 Ben Tozer English
56%
1 Rob Lainton English
50%
19 Jacob Mendy Gambian
48%
7 Jordan Davies Welsh
48%
8 Luke Young English
48%
12 Ben Foster English
42%
5 Aaron Hayden English
40%
14 Anthony Forde Irish
35%
38 Elliott Lee English
33%
23 James McClean Irish
31%
20 Andy Cannon English
27%
3 Callum McFadzean Scottish
27%
29 Ryan Barnett English
27%
30 James Jones Scottish
25%
22 Thomas O'Connor Irish
25%
25 Will Boyle English
23%
15 Eoghan O'Connell Irish
21%
27 Jake Bickerstaff English
21%
32 Max Cleworth Welsh
21%
16 Billy Waters English
19%
11 Liam McAlinden Irish
19%
17 Bryce Hosannah English
17%
18 Sam Dalby English
17%
N/A Luke McNicholas Irish
12%
37 Kai Evans Welsh
6%
34 Aaron James English
4%
35 Owen Cushion English
4%
39 Daniel Davies Welsh
2%
42 Jacob Milner English
2%
6 Jordan Tuncliffe English
2%
24 Scott Butler Welsh
2%
No matching quizzes found
Score Distribution
Percent of People with Each Score
Percentile by Number Answered
Your Score History
You have not taken this quiz